World of Science : (Record no. 188584)

MARC details
000 -LEADER
fixed length control field 01144nam a2200337 ia4500
005 - DATE AND TIME OF LATEST TRANSACTION
control field 20250305160113.0
008 - FIXED-LENGTH DATA ELEMENTS--GENERAL INFORMATION
fixed length control field 220731t20222022si ao jr 6 000 0engg d
020 ## - INTERNATIONAL STANDARD BOOK NUMBER
International Standard Book Number 9789811258121
Qualifying information set
International Standard Book Number 9789811254567
Terms of availability RM77.70
-- RM 59.90
Qualifying information hardback
040 ## - CATALOGING SOURCE
Original cataloging agency PPAK
Language of cataloging eng
Transcribing agency PPAK
Description conventions rda
082 04 - DEWEY DECIMAL CLASSIFICATION NUMBER
Edition number 23
Classification number 741.5
090 00 - LOCALLY ASSIGNED LC-TYPE CALL NUMBER (OCLC); LOCAL CALL NUMBER (RLIN)
Classification number (OCLC) (R) ; Classification number, CALL (RLIN) (NR) 741.5
Feature heading WOR
Feature heading K
245 00 - TITLE STATEMENT
Title World of Science :
Remainder of title Adventures with Materials /
Statement of responsibility, etc. Edited by Karen Kwek.
264 #1 - PRODUCTION, PUBLICATION, DISTRIBUTION, MANUFACTURE, AND COPYRIGHT NOTICE
Place of production, publication, distribution, manufacture Singapore :
Name of producer, publisher, distributor, manufacturer WS Education,
Date of production, publication, distribution, manufacture, or copyright notice [2022]
Date of production, publication, distribution, manufacture, or copyright notice ©2022
300 ## - PHYSICAL DESCRIPTION
Extent 80 pages :
Other physical details colour illustrations, colour photographs ;
Dimensions 27 cm.
336 ## - CONTENT TYPE
Content type term text
Source rdacontent
Content type term still image
Source rdacontent
337 ## - MEDIA TYPE
Media type term unmediated
Source rdamedia
338 ## - CARRIER TYPE
Source rdacarrier
Carrier type term volume
490 1# - SERIES STATEMENT
Series statement World of Science ;
Volume/sequential designation 14
Series statement An Augmented Reality Experience
586 ## - AWARDS NOTE
Awards note Bestselling Series.
650 10 - SUBJECT ADDED ENTRY--TOPICAL TERM
Topical term or geographic name entry element Materials
Form subdivision Comic books, strips,etc.
Topical term or geographic name entry element Materials
Form subdivision Juvenile literature
Topical term or geographic name entry element Graphic novels
700 1# - ADDED ENTRY--PERSONAL NAME
Personal name Kwek, Karen,
Relator term editor.
830 #0 - SERIES ADDED ENTRY--UNIFORM TITLE
Uniform title World of Science ;
Number of part/section of a work 14
Uniform title An Augmented Reality Experience
942 ## - ADDED ENTRY ELEMENTS (KOHA)
Source of classification or shelving scheme Dewey Decimal Classification
Koha item type Book
Holdings
Withdrawn Not for loan Current library Shelving location Date acquired Total Checkouts Full call number Barcode Date last seen Date last checked out Koha item type Total Renewals
    Perpustakaan Alor Setar Pinjaman Kanak-kanak 10/08/2022 9 K 741.5 WOR A01744015 29/11/2025 08/11/2025 Book  
    Perpustakaan Awam Sungai Petani Pinjaman Kanak-kanak 10/08/2022 8 K 741.5 WOR A01744016 12/03/2025 12/01/2025 Book  
    Perpustakaan Baling Pinjaman Kanak-kanak 10/08/2022 1 K 741.5 WOR A01744020 14/08/2024 27/07/2024 Book  
    Perpustakaan Bandar Baharu Pinjaman Kanak-kanak 10/08/2022   K 741.5 WOR A01744021 10/08/2022   Book  
    Perpustakaan Jitra Pinjaman Kanak-kanak 10/08/2022 2 K 741.5 WOR A01744017 10/05/2025 23/04/2025 Book  
    Perpustakaan Kuala Nerang Pinjaman Kanak-kanak 10/08/2022   K 741.5 WOR A01744025 10/08/2022   Book  
    Perpustakaan Kulim Pinjaman Kanak-kanak 10/08/2022 4 K 741.5 WOR A01744019 23/09/2023 10/09/2023 Book 1
    Perpustakaan Langkawi Pinjaman Kanak-kanak 10/08/2022 3 K 741.5 WOR A01744018 05/04/2026 08/03/2026 Book  
    Perpustakaan Merbok Pinjaman Kanak-kanak 10/08/2022   K 741.5 WOR A01744022 10/08/2022   Book  
    Perpustakaan Pendang Pinjaman Kanak-kanak 10/08/2022   K 741.5 WOR A01744026 10/08/2022   Book  
    Perpustakaan Sik Pinjaman Kanak-kanak 10/08/2022   K 741.5 WOR A01744024 10/08/2022   Book  
    Perpustakaan Yan Pinjaman Kanak-kanak 10/08/2022 2 K 741.5 WOR A01744023 01/10/2023 27/09/2023 Book  
    PD06, Kg. Kepala Bukit, Pendang Pinjaman Kanak-kanak 29/01/2023   K 741.5 WOR A01763997 29/01/2023   Book  
    PD07, Kg. Jelutong, Sik Pinjaman Kanak-kanak 29/01/2023   K 741.5 WOR A01763998 29/01/2023   Book  
    PD08, Felda Gunung Bongsu, Kulim Pinjaman Kanak-kanak 29/01/2023   K 741.5 WOR A01763999 29/01/2023   Book  
    PD11, Felda Teloi Kanan, Kuala Ketil Pinjaman Kanak-kanak 29/01/2023   K 741.5 WOR A01764000 29/01/2023   Book  
Withdrawn   PD12, Kg. Padang, Baling Pinjaman Kanak-kanak 10/08/2022   K 741.5 WOR A01744027 10/08/2022   Book